000 00311nam a22001337a 4500
008 180213b xxu||||| |||| 00| 0 eng d
020 _a2901412977592
041 _aeng
080 _a37
100 _a47
101 _aEDU
245 _aThe communication age connecting& engaging
_cEdwards,A
942 _2udc
_cBK
999 _c42364
_d42364